00450nam a2200121Ia 45000010005000000080041000050820025000461000060000712450138001312600016002699010028002859990015003133824241024s9999 xx 000 0 und d aRD/370.71/R426s/2014 aRepública Dominicana. Ministerio de Educación/INEFI 0aSistema integral de acompañamiento docente. Informe técnico del acompañamiento docente nacional en brigada/Manuel Morel Montero bINEFIc2014 a18/9/2014 12:12:46 p.m. c9194d9194